000 00557nam a2200217Ia 4500
003 OSt
005 20230624124348.0
008 210423s9999 xx 000 0 und d
020 _a-
040 _cAL
041 _aeng
082 _a380.02 SINS
100 _aSINGH (Sanchita)
_986624
245 _aBookhives UGC-NET/SLET commerce: paper II and III
260 _aNew Delhi
_bBookhive
_c2011
300 _aix,185
_bPB
365 _b390
_cINR
650 _aCommerce
_986625
906 _aBookhives ; commerce: ; paper ; UGC-NET/SLET
942 _2ddc
_cBK
999 _c159540
_d159540